MARC

Tag First Indicator Second Indicator Subfields
LEADER 00000cam a2200000 a 4500
001 in00001609721
005 20230117173309.0
008 030430s2001 nyua b 001 0 eng c
010 |a  2003615732 
015 |a GBA1X6692  |2 bnb 
016 7 |a 006913568  |2 Uk 
019 |a 317524671  |a 660004218 
020 |a 1560231653  |q (pbk. ;  |q alk. paper) 
020 |a 9781560231653  |q (pbk. ;  |q alk. paper) 
020 |a 0789006367  |q (alk. paper) 
020 |a 9780789006363  |q (alk. paper) 
029 1 |a AU@  |b 000024645529 
029 1 |a YDXCP  |b 1686725 
029 1 |a UKMGB  |b 006913568 
035 |a (OCoLC)ocm45954183  
035 |a (OCoLC)45954183  |z (OCoLC)317524671  |z (OCoLC)660004218 
035 |a (OCoLC)ocm45954183  
040 |a CLE  |b eng  |c CLE  |d DLC  |d BAKER  |d BTCTA  |d YDXCP  |d EXW  |d VP@  |d YUS  |d TOH  |d BDX  |d IG#  |d OCLCF  |d OCLCQ  |d OCLCO  |d OCLCQ  |d NJR  |d UKMGB  |d OCLCO  |d TXA 
042 |a pcc 
050 0 0 |a HQ76  |b .B372 2001 
082 0 0 |a 305.38/9664  |2 21 
245 0 4 |a The bear book II :  |b further readings in the history and evolution of a gay male subculture /  |c Les K. Wright, editor. 
246 3 |a Bear book two 
246 3 |a Bear book 2 
264 1 |a New York :  |b Harrington Park Press,  |c [2001] 
300 |a lxiii, 389 pages :  |b illustrations (some color) ;  |c 22 cm. 
336 |a text  |b txt  |2 rdacontent 
337 |a unmediated  |b n  |2 rdamedia 
338 |a volume  |b nc  |2 rdacarrier 
490 1 |a Haworth gay & lesbian studies 
505 0 0 |t Foreword /  |r Jack Fritscher --  |t Introduction /  |r Les Wright --  |t Bear Bodies --  |t Bears and Health /  |r Lawrence D. Mass --  |t Sleep Apnea --  |t Arteriosclerotic Cardiovascular Disease (ASCVD) --  |t Arteriosclerotic Peripheral Vascular Disease --  |t Arthritis --  |t Cancers --  |t Cholecystitis and Cholelithiasis --  |t Diabetes Mellitus --  |t Duodenal Ulcer --  |t Gastroesophageal Reflux Disease --  |t Heart Attack --  |t Hiatal Hernia --  |t Hyperlipidemia --  |t Hypertension --  |t Pediculosis (Body Lice) --  |t Pilonidal Sinus and Cyst --  |t Sexually Transmitted Diseases --  |t Two Postscripts --  |t Fat Is a Bearish Issue /  |r Laurence Brown --  |t Journey into the Psyche of a Chubby-Chaser --  |t Bearstory/Chubstory --  |t Fat Theory --  |t Icons and Images of Fat-Desire --  |t Gripes About Beardom --  |t Bear Youth: An Interview with Brian Kearns, Bear Youth Webmaster --  |t By Any Otter Name: The Negative Space of the Bear /  |r John Milton Hendricks --  |t Bears in Space --  |t Neighborhood Clans --  |t The Otter Questionnaire --  |t Responses --  |t Inconclusions --  |t The Beard of Joseph Palmer /  |r Stewart Holbrook --  |t Bear Testimonies --  |t A Bear Admirer's (Subjective, Fluffy, and Totally Honest) Point of View /  |r Ned Wilkinson --  |t A Puerto Rican Bear in the USA /  |r Ali Lopez --  |t Family Background --  |t Breaking Out of Captivity --  |t One Black Bear Speaks /  |r Jason R. Clark --  |t An Asian Bear in Minnesota /  |r Dave Gan --  |t The Ephebe Is Dead--Long Live the Bear /  |r David Greig --  |t Parlaying Playmates into Lasting Friendships /  |r John R. Yoakam --  |t More Bear Spaces --  |t Theorizing Bearspace /  |r Alex G. Papadopoulos --  |t Bear Bodies in Space --  |t Bearspace and Theory. 
504 |a Includes bibliographical references. 
500 |a The Cushing Library/Women & Gender Studies copy was acquired as part of The Don Kelly Research Collection of Gay Literature and Culture.  |5 TXA 
650 0 |a Bears (Gay culture) 
650 0 |a Gay men  |x Identity. 
650 0 |a Gay men  |x Attitudes. 
650 0 |a Gay men  |x Psychology. 
650 0 |a Gender identity. 
650 0 |a Group identity. 
650 0 |a Masculinity. 
650 0 |a Body image in men. 
650 6 |a Homosexuels masculins  |x Identité. 
650 6 |a Homosexuels masculins  |x Attitudes. 
650 6 |a Homosexuels masculins  |x Psychologie. 
650 6 |a Identité sexuelle. 
650 6 |a Identité collective. 
650 6 |a Masculinité. 
650 6 |a Image du corps chez l'homme. 
650 7 |a sex role.  |2 aat 
650 7 |a group identity.  |2 aat 
650 7 |a Bears (Gay culture)  |2 fast  |0 (OCoLC)fst01201077 
650 7 |a Body image in men.  |2 fast  |0 (OCoLC)fst00835359 
650 7 |a Gay men  |x Attitudes.  |2 fast  |0 (OCoLC)fst00939119 
650 7 |a Gay men  |x Identity.  |2 fast  |0 (OCoLC)fst00939133 
650 7 |a Gay men  |x Psychology.  |2 fast  |0 (OCoLC)fst00939142 
650 7 |a Gender identity.  |2 fast  |0 (OCoLC)fst00939593 
650 7 |a Group identity.  |2 fast  |0 (OCoLC)fst00948442 
650 7 |a Masculinity.  |2 fast  |0 (OCoLC)fst01011027 
700 1 |a Wright, Les K.,  |e editor. 
776 0 8 |i Online version:  |t Bear book II.  |d New York : Harrington Park Press, ©2001  |w (OCoLC)654729661 
830 0 |a Haworth gay & lesbian studies. 
856 4 2 |3 Publisher description  |u http://catdir.loc.gov/catdir/enhancements/fy0810/2003615732-d.html  |t 0 
938 |a Baker & Taylor  |b BKTY  |c 39.95  |d 29.96  |i 1560231653  |n 0003563154  |s active 
938 |a Brodart  |b BROD  |n 56370180  |c $49.95 
938 |a Baker and Taylor  |b BTCP  |n 2003615732 
938 |a Ingram  |b INGR  |n 9781560231653 
938 |a YBP Library Services  |b YANK  |n 1686726 
948 |h HELD BY TXA - 138 OTHER HOLDINGS 
994 |a Z0  |b TXA 
999 f f |s 2bd82e5a-62c4-3fe4-9976-3977d45000f2  |i f632e172-4702-37dd-8532-8084c7561c36  |t 0 
952 f f |p ric  |a Texas A&M University  |b Rellis Campus  |c Joint Library Facility  |s JLF  |d Remote Storage  |t 0  |e HQ76 .B372 2001  |h Library of Congress classification  |i unmediated -- volume  |m A14827440529 
998 f f |a HQ76 .B372 2001  |t 0  |l Remote Storage